Die Kriegswaffen in ihren Geschichtlichen Entwickelungen von den Ältesten Zeiten bis auf die Gegenwart. Eine Encyklopädie der Waffenkunde

Shranjeno v:
Bibliografske podrobnosti
Glavni avtor: Demmin, August (Author)
Format: Knjiga
Jezik:nemščina
Izdano: Leipzig Eugen Köhler 1891
Izdaja:1a. ed
Teme:
Oznake: Označite
Brez oznak, prvi označite!

MARC

LEADER 00000nam a2200000 a 4500
001 UCJ7227
003 CL-VaPUC
008 070124e18910000GW |||||||||||||||||ger|d
082 0 4 |a 623.4  |b DEM  |2 21 
100 0 |a Demmin, August  |e author  |9 515400 
245 1 0 |a Die Kriegswaffen in ihren Geschichtlichen Entwickelungen von den Ältesten Zeiten bis auf die Gegenwart. Eine Encyklopädie der Waffenkunde 
250 |a 1a. ed 
300 |a 1110 p 
942 |c BK 
945 |d 20070124 00:00:00  |a rinostro 
260 |a Leipzig  |b Eugen Köhler  |c 1891 
500 |a Ilustraciones sin indizar 
650 7 |a PANOPLIA  |2 CL-VaPUC  |9 506402 
650 0 |a Armas   |9 318202 
650 7 |a CATALOGO  |2 CL-VaPUC  |9 381466 
650 0 |a Ilustraciones  |9 369481 
650 7 |a HERALDICA  |2 CL-VaPUC  |9 388228 
650 0 |a Simbología  |9 267342 
583 |a last modification  |c 20070124 00:00:00  |k Rodrigo Vera 
999 |c 323323  |d 323321 
952 |0 0  |1 0  |4 0  |6 623_400000000000000_DEM_1891  |7 0  |8 X  |9 402828  |a FDOBUD  |b FDOBUD  |d 2019-11-22  |i 1060171  |o 623.4 DEM 1891  |p 1060171  |r 2019-11-22  |w 2019-11-22  |y BK_X  |k BUD